000 00511nam a2200193 4500
003 LK-CoMWRAF
005 20230831100019.0
008 230831b2003 |||||||| |||| 00| 0 eng d
020 _a0435990478
040 _aLK-CoMWRAF
_dLK-CoMWRAF
_eLK-CoMWRAF
041 _aeng
082 _a428.007
_bRIC
100 _aRichards, Haydn
245 _aJunior English 2
250 _aRevised Edition
260 _aOxford
_bGinn and company
_c2003
650 _a English language -- Problems, exercises, etc;
942 _cBK
999 _c3320
_d3320